Mort subite : Pays utilisant un passeport rouge - Statistiques

Statistiques générales
  • Ce quiz a été pris 198 fois
  • Le résultat moyen est 2 sur 15
Answers on the Grid
Answers color-coded by a green-red scale on the quiz's grid according to % correct below.
Colombie
France
Roumanie
Éthiopie
Mali
Croatie
Qatar
Salvador
Tadjikistan
Oman
Mexique
Afrique du Sud
Îles Salomon
Guinée équatoriale
Bangladesh
Pakistan
Chine
Kenya
Philippines
Géorgie
Nouvelle Zélande
Brunei
Ghana
Brésil
Seychelles
Angola
Barbade
Ouzbekistan
Macédoine du Nord
Trinité-et-Tobago
 
Statistiques - réponses
Réponse % Correct
France
79%
Roumanie
37%
Chine
22%
Colombie
22%
Qatar
18%
Macédoine du Nord
14%
Géorgie
12%
Éthiopie
11%
Oman
5%
Ouzbekistan
4%
Trinité-et-Tobago
4%
Philippines
3%
Brunei
2%
Guinée équatoriale
1%
Seychelles
1%
Aucun quiz correspondant
Distribution des résultats
% des personnes avec chaque résultat
Percentile par nombre de réponses
Votre historique - résultats
Vous n’avez pas pris ce quiz